000 00508nam a2200181Ia 4500
008 100921s9999 xx 000 0 und d
082 _b1749
_a891.462 थ 66
100 _aबेडेकर विश्राम.
245 _aधनंजय.
260 _bपाठक गं.रा.
_c1966
300 _a0
_b---
365 _b5
520 _aललित-नाटके.
630 _aधनंजय.
650 _aललित-नाटके.
730 _aधनंजय.
942 _cBOOK
999 _c750862
_d750859